| 000 | 00393nam a2200157Ia 4500 | ||
|---|---|---|---|
| 008 | 221030s9999 xx 000 0 und d | ||
| 020 | _a00DA007 | ||
| 041 | _aEnglish | ||
| 082 |
_a105.23 _bGau |
||
| 100 | _aR. K. Gour | ||
| 245 | 0 |
_aDigital Electronics & Microcomputers _cby R. K. Gour |
|
| 260 |
_bDhanpat Rai Pub _aNew Delhi _c2004 |
||
| 300 | _a394 | ||
| 650 | _aBE Computer | ||
| 942 | _cBK | ||
| 999 |
_c4123 _d4123 |
||